Madrid Numbers - Statistics

General Stats
  • This quiz has been taken 8 times
  • The average score is 4 of 23
Answer Stats
Hint Answer % Correct
#1 Thibaut Courtois
100%
#2 Dani Carvajal
83%
#4 David Alaba
33%
#8 Federico Valverde
33%
#9 Kylian Mbappe
33%
#7 Vini Jr
33%
#22 Antonio Rudiger
17%
#5 Jude Bellingham
17%
#10 Luka Modric
17%
#35 Raul Asencio
17%
#11 Rodrygo
17%
#15 Arda Guler
0%
#14 Aurelien Tchouameni
0%
#21 Brahim Diaz
0%
#19 Dani Ceballos
0%
#3 Eder Militao
0%
#6 Eduardo Camavinga
0%
#16 Endrick
0%
#23 Ferlan Mendy
0%
#20 Fran Garcia
0%
#17 Lucas Vazquez
0%
#13 Lunin
0%
#18 Vallejo
0%
No matching quizzes found
Score Distribution
Percent of People with Each Score
Percentile by Number Answered
Your Score History
You have not taken this quiz